| 000 | 01441cam a2200349 i 4500 | ||
|---|---|---|---|
| 001 | 15374813 | ||
| 003 | EG-ScBUE | ||
| 005 | 20241217103831.0 | ||
| 008 | 080721t2008 enka f b 001 0 eng d | ||
| 020 | _a0470758058 | ||
| 020 | _a9780470758052 | ||
| 035 | _a(OCoLC)ocn235946051 | ||
| 035 | _a(OCoLC)235946051 | ||
| 040 |
_aDLC _beng _erda _cDLC _dBAKER _dYDXCP _dBWKUK _dBWK _dBWX _dCDX _dBTCTA _dDLC _dEG-ScBUE |
||
| 082 | 0 | 4 |
_a519.502852133 _222 _bCOH |
| 100 | 1 |
_aCohen, Yosef, _d1946- _eauthor. _920130 |
|
| 245 | 1 | 0 |
_aStatistics and Data with R : _ban applied approach through examples / _cYosef Cohen, University of Minnesota, USA, Jeremiah Y. Cohen, Vanderbilt University, Nashville, USA. |
| 264 | 1 |
_aChichester, U.K. : _bWiley, _c[2008] |
|
| 264 | 4 | _cc2008 | |
| 300 |
_axviii, 599 pages : _billustrations ; _c26 cm |
||
| 336 |
_2rdacontent _atext _btxt |
||
| 337 |
_aunmediated _2rdamedia _bn |
||
| 338 |
_avolume _bnc _2rdacarrier |
||
| 504 | _aIncludes bibliographical references and index. | ||
| 650 | 7 |
_920131 _aMathematical statistics _xData processing. _2BUEsh |
|
| 650 | 7 |
_920132 _aR (Computer program language) _2BUEsh |
|
| 655 | _vReading book | ||
| 700 | 1 |
_aCohen, Jeremiah Y., _eauthor. _920133 |
|
| 856 | 4 | 1 |
_3Table of contents only _uhttp://www.loc.gov/catdir/toc/ecip0824/2008032153.html |
| 942 |
_2ddc _cNB |
||
| 999 |
_c14754 _d14754 |
||